Теоретические и экспериментальные исследования обменных волн землетрясений: сборник статей

Dettagli Bibliografici
Ente Autore: Всесоюзный научно-исследовательский институт геофизических методов разведки (570)
Lingua:russo
Pubblicazione: Москва, [б. и.], 1973
Soggetti:
Natura: Libro
KOHA link:https://koha.lib.tpu.ru/cgi-bin/koha/opac-detail.pl?biblionumber=682362

MARC

LEADER 00000nam0a2200000 4500
001 682362
005 20251016094035.0
090 |a 682362 
100 |a 20251016d1973 k||y0rusy50 ca 
101 0 |a rus 
102 |a RU 
105 |a a z 001yy 
181 0 |a i   |b  e  
182 0 |a n 
183 0 |a nc  |2 RDAcarrier 
200 1 |a Теоретические и экспериментальные исследования обменных волн землетрясений  |e сборник статей  |f ВНИИГеофизика 
203 |a Текст  |b визуальный  |c непосредственный 
210 |a Москва  |c [б. и.]  |d 1973 
215 |a 168 с.  |c ил. 
283 |a volume  |2 RDAcarrier 
320 |a Литература в конце статей 
606 |a Сейсмические наблюдения  |9 72531 
610 1 |a проходящие волны 
610 1 |a сейсмограммы 
610 1 |a землетрясения 
610 1 |a волны 
675 |a 550.34  |v 4 
712 0 2 |a Всесоюзный научно-исследовательский институт геофизических методов разведки  |c (Москва)  |c (1956-1993)  |4 570  |9 25326 
801 0 |a RU  |b 63413507  |c 20251016 
830 |a Ретро2025Каталогизация Мотырева 
850 |a 63413507 
942 |c BK